| 000 | 00668nam a2200181 4500 | ||
|---|---|---|---|
| 001 | 138630 | ||
| 003 | ES-MaACL | ||
| 005 | 20250902092515.0 | ||
| 007 | t| | ||
| 008 | 070214n19201929sp r ||||1| spa d | ||
| 245 | 0 | 0 |
_aSantander _b: Sardinero : ciudad de verano : (folleto de propaganda editado por la `Sociedad para el Fomento de Santander` y la `Real Sociedad de Amigos del Sardinero`). |
| 260 |
_aSantander : _bAldus, _c[192_?] |
||
| 300 |
_a12 h. : _bil. ; _c17 x 12 cm. |
||
| 710 | 2 |
_aSociedad para el Fomento de Santander. _96801 |
|
| 710 | 2 |
_aReal Sociedad Amigos del Sardinero _96380 |
|
| 852 |
_aES-MaACL _j1647-F-17 _bR.4434 |
||
| 999 |
_c138630 _d138630 |
||